000 00667nam a22002297a 4500
003 UA-OsUOA
001 24103
007 ta
008 20040206b un ||||| |||| 00| 0 ukr d
090 _a323(477)
_bУ45
942 _cBK
040 _aUA-OsUOA
_bukr
_cUA-OsUOA
_dUA-OsUOA
245 _aУкраїна незалежна: час випробувань, сподівань
_cРед. П.П.Панченко
300 _a257 с.
955 _a0
041 _aukr
080 _a323(477)
260 _aКиїв
_bВчена Рада Інституту історії України АН України
_c1993
044 _aUA
650 7 _2UDC
999 _c310368
_d310368